| 000 | 01169nam1a22002651 4500 | ||
|---|---|---|---|
| 001 | rc\3536749 | ||
| 005 | 20130115144158.0 | ||
| 035 | _a(NLR Aleph) 007667710 | ||
| 090 |
_a6400693 _c6400693 |
||
| 100 | _a20130115d1973 |||y0rusy50 ca | ||
| 101 | 0 | _arus | |
| 102 | _aRU | ||
| 105 | _a z ||||| | ||
| 200 | 1 |
_aВопросы совершенствования системы информационных изданий _e[Сборник статей] _fПод ред. Р.С. Гиляревского и А.И. Черного _gГос. ком. Совета Министров СССР по науке и технике. АН СССР. ВИНИТИ |
|
| 210 |
_aМосква _c[ВИНИТИ] _d1973 |
||
| 320 | _aСписки лит. в конце статей | ||
| 608 |
_aИнформационные издания _jСборники _2psbo |
||
| 702 | 1 |
_aЧерный _bА. И. _4340 |
|
| 702 | 1 |
_aГиляревский _bР. С. _f1929-2025 _gРуджеро Сергеевич _3RU\NLR\AUTH\775815 _4340 |
|
| 712 | 0 | 2 |
_aВИНИТИ _3RU\NLR\AUTH\884239 |
| 801 | 0 |
_aRU _bNLR _gpsbo |
|
| 801 | 1 |
_aRU _bELAR _2rusmarc |
|
| 852 |
_aNLR _j73-7/1240 |
||
| 942 | _cBOOK | ||
| 980 | _aNB | ||